| 000 | 00000nam##2200000za#4500 |
| 001 | 9.696825 |
| 003 | CaOODSP |
| 005 | 20210624235216 |
| 007 | cr ||||||||||| |
| 008 | 150407|1999||||xxc|||||o f|0| 0 eng|d |
| 040 | |aCaOODSP|beng |
| 043 | |an-cn--- |
| 086 | 1 |aE97-55/1999E-PDF |
| 110 | 1 |aCanada.|bInternational Development Research Centre. |
| 245 | 10|aMining and the environment : |h[electronic resource]|bcase studies from the Americas / |cedited by Alyson Warhurst. |
| 260 | |bInternational Development Research Centre |cc1999. |
| 300 | |a348p.|bfigs., graphs, tables |
| 504 | |aBibliography. |
| 590 | |a12-41-Supp|b2012-11-07 |
| 690 | 07|aRegional development|2gcpds |
| 690 | 07|aEnvironmental protection|2gcpds |
| 690 | 07|aMining industry|2gcpds |
| 856 | 40|ahttp://publications.gc.ca|qPDF|s17.07 MB|uhttps://publications.gc.ca/collections/collection_2012/crdi-idrc/E97-55-1999-eng.pdf |